LEADER 01085nam a2200277 4500 001 000000335435 003 CaOOAMICUS 005 20190823094531.0 008 190724s1970 fr 000 u fre r 020 $a2-13-043253-0 040 $aSeMil$bita 100 1 $aLabarre, Albert.$0(OLS)http://semarc/name/109986 245 10$aHistoire du livre /$cpar Albert Labarre. 250 $a7. èd. corrigée 264 1$aParis :$bPresses Universitaires de France,$c1970. 300 $a126 p. :$c18 cm 490 1 $aQue sais-je? ;$v620 650 4$aLibro - Storia.$0(OLS)http://semarc/subject/48609 830 0$aQue sais-je? ;$v620.$0(OLS)http://semarc/title/19846 850 $aSeMil 852 $aSeMil$W1$xVenegono$y1$m3Y I 43$j258981$B227366$CSeMilBibl$Z2$F227366 $81 961 $aAntonelli don Mario - Omaggio 996 $6020$a2-13-043253-0$9(OLS)http://semarc/number/288168 996 $6245$aHistoire du livre$9(OLS)http://semarc/title/424876 996 $6264$aParis :$bPresses Universitaires de France$9(OLS)http://semarc/publisher/30047 LEADER 00997nam a2200253 i 4500 001 000000049619 003 CaOOAMICUS 005 20181008161345.0 008 120628s1961 it u000 u ita u 013 $a20790 040 $aSeMil$bita 100 1 $aPeretti, Marcello.$0(OLS)http://semarc/name/24230 245 13$aLa personalità della donna e il problema della sua educazione /$cMarcello Peretti. 260 $aBrescia :$bLa Scuola,$ccopyr. 1961. 300 $a316 p. ;$c21 cm. 490 0 $aPedagogia e scuola 500 $aContiene : Bibliografia. 650 4$aDonna.$0(OLS)http://semarc/subject/7169 830 0$aPedagogia e scuola.$0(OLS)http://semarc/title/6787 850 $aSeMil 852 $aSeMil$W1$xVenegono$y1$m2E II 185$j15774$B15774$CSeMilBibl$Z2$F15774 $81 996 $6245$aLa personalità della donna e il problema della sua educazione$9(OLS)http://semarc/title/75530 996 $6260$aBrescia :$bLa Scuola$9(OLS)http://semarc/publisher/29831